000 00956nam a2200277 i 4500
003 DO-SdBNP
005 20250903092455.0
007 ta
008 240701s2024 dr 000 0 spa d
020 _a9789945250979
040 _aDO-SdBNP
_bspa
_cBNPHU
_erda
082 _a972.93053
_bP979i, 2024
_222
100 _aPuigsubirá Miniño, Juan Enrique
_943873
_eautor
245 1 0 _aInmolación :
_bdiario de campaña de un soldado de la libertad /
_cJuan Enrique Puigsubira Miniño (Johnny).
264 _aSanto Domingo :
_bAGN,
_c2024.
300 _a80 páginas
_c22 cm.
336 _2rdacontent
_atexto
_btxt
337 _2rdamedia
_asin mediación
_bn
338 _2rdacarrier
_avolumen
_bnc
490 1 _aCuadernos populares
_v12
590 _aInventariado, 2024/ YL
600 1 0 _a Puigsubira Miniño, Juan Enrique
_d1931-1959
_943874
710 2 _aArchivo General de la Nación (República Dominicana)
_985400
910 _aYLockward
942 _2ddc
_cLBS1
999 _c57098
_d57098